=LDR 00000nam 2200000 4500 =001 INLIS000000000036862 =005 20130612142625 =008 ***********************************Ind** =035 ##$$0010-061300000036862 =041 ##$$a Ind =082 ##$$a 641.5 =090 ##$$a 641.5, Ros s =100 ##$$a Rossi, Ara =245 ##$$a 101 resep sambal maknyuus, Ara Rossi ; editor, Fiva S =260 ##$$a [S.a] $b Yogyakarta =300 ##$$a 106 hlm, ilus, 15 cm =650 ##$$a masakan-resep =850 ##$$a NBPNMAT